Tayc-Hadja - Statistiques

Statistiques générales
  • Ce quiz a été pris 11 fois
  • Le résultat moyen est 175 sur 223
Statistiques - réponses
Réponse % Correct
à
100%
de
100%
est
100%
Hadja
100%
hadja
100%
oh
100%
pour
100%
que
100%
qui
100%
c'est
90%
dit
90%
c'est
90%
elles
90%
et
90%
faux
90%
la
90%
90%
le
90%
les
90%
me
90%
mentir
90%
savent
90%
te
90%
tout
90%
tu
90%
comme
80%
c'qu'elles
80%
c'quelles
80%
demande
80%
ne
80%
je
80%
mon
80%
ne
80%
ont
80%
pas
80%
sais
80%
toi
80%
amis
70%
avec
70%
ça
70%
connais
70%
donc
70%
fier
70%
j'ai
70%
j'suis
70%
nous
70%
rassurer
70%
salir
70%
sont
70%
temps
70%
tes
70%
t'es
70%
veulent
70%
assez
60%
comment
60%
confiance
60%
connaît
60%
depuis
60%
enviée
60%
face
60%
fin
60%
forcément
60%
homme
60%
jamais
60%
l'autre
60%
l'évidence
60%
l'histoire
60%
longtemps
60%
l'un
60%
moi
60%
monde
60%
nom
60%
n'peut
60%
parle
60%
plus
60%
prend
60%
qu'empirer
60%
sans
60%
seules
60%
soin
60%
sué
60%
ta
60%
ton
60%
toutes
60%
tueraient
60%
voir
60%
aimeraient
50%
bien
50%
déjà
50%
forces
50%
liée
50%
n'importe
50%
prieraient
50%
qu'ça
50%
qu'elles
50%
relation
50%
rien
50%
t'aveugler
50%
tellement
50%
acquis
40%
bas
40%
n'est
40%
paieraient
40%
pourquoi
40%
qu'ici
40%
soignée
40%
sur
40%
veut
40%
âme
20%
kouma
20%
Aucun quiz correspondant
Distribution des résultats
% des personnes avec chaque résultat
Percentile par nombre de réponses
Votre historique - résultats
Vous n’avez pas pris ce quiz